| 000 | 01319nam a2200361Ia 4500 | ||
|---|---|---|---|
| 001 | Z_7061 | ||
| 003 | CHAP | ||
| 005 | 20230125191911.0 | ||
| 008 | 220113s2017 xx 000 0 und d | ||
| 010 | _a170334 | ||
| 040 | _cCHAP | ||
| 090 | _aTesis T67 2629 | ||
| 100 |
_aToriz Arreola, Omar _9134492 |
||
| 245 |
_aEvaluación de una dieta con harina de alfalfa y salvado de trigo para la alimentacion de conejos / _cOmar Toriz Arreola |
||
| 260 |
_aMéxico : _bEl autor, _c2017 |
||
| 300 | _a34 p | ||
| 502 | _aTesis (Ingeniero Agrónomo Especialista en Zootecnia) -- UACh, 2017 \ Dirección: Arturo Pro Martínez; asesoría: Fernando González Cerón y Sergio Raúl Velázquez Rodríguez | ||
| 650 |
_aConejos _926352 |
||
| 650 |
_aConsumo de alimento _9145119 |
||
| 650 |
_aConversión alimenticia _9144285 |
||
| 650 |
_aGanancia diaria de peso _9145554 |
||
| 650 |
_aHarina de alfalfa _952691 |
||
| 650 |
_aRaza nueva zelanda _9145562 |
||
| 700 |
_a González Cerón, Fernando, asesor _9146315 |
||
| 700 |
_a Velázquez Rodríguez, Sergio Raúl, asesor _9145610 |
||
| 700 |
_aPro Martínez, Arturo, dirección _9146404 |
||
| 856 | 4 | 2 |
_uhttp://10.13.5.2/tesis/sist114439.pdf _yDescargar PDF |
| 901 | _aTESIS T67 2629 | ||
| 902 | _aM | ||
| 910 | _a2017 | ||
| 942 |
_c2 _2ddc |
||
| 942 |
_c2 _2ddc |
||
| 999 |
_c170334 _d170334 |
||